000 01371nam a2200289 a 4500
001 BRCA_2399
005 20190320203805.0
008 111108s1674----sp-#---###---#000-0#spa-u
041 _aspa
044 _asp
084 _a040
_b.G37
_c1674
100 1 _aCervantes Saavedra, Miguel de
_d1547-1616
_9213
245 1 0 _aVida y hechos del Ingenioso Cavallero Don Quixote de la Mancha
_ccompuesto por Miguel de Cervantes Saavedra.
260 _aMadrid
_bAndrés Garcia de las Iglesias : Roque Rico de Miranda
_c1674
300 _a2 v.
_c21 cm.
500 _aContenido : v 1. Prólogo del autor. Texto. -- v 2. Texto
500 _aEdición : Nueva edición corregida y ilustrada con 34 láminas muy donosas y apropiadas a la materia
500 _aPrimera edición con láminas impresas en España, la mayoría de las cuales son imitación de las de la primera edición publicada en holandés. Encuadernada en piel. A la primera parte le falta la portada, y a la segunda, la mitad de la misma Lúdovik Osterc
500 _aQM26
650 1 4 _aNovela española
_yÉpoca clásica, 1500-1700
_9215
650 1 4 _aLiteratura española
_yÉpoca clásica, 1500-700
_97090
650 1 4 _aNovela española
_ySiglo XVII
_9217
650 1 4 _aDon Quijote (Personaje ficticio)
_eNovela
_9218
740 0 _aEl Ingenioso Hidalgo Don Quijote de la Mancha
902 _aQFM
942 _2lcc
_cB
999 _c2140
_d2140